000 01982nam0a22003371 4500
001 rc\3995311
005 20250611051035.0
021 _aRU
_b[51-7210ж]
035 _a(NLR Aleph) 008069917
090 _a9056261
_c9056261
100 _a20130415d1951 |||y0rusy50 ca
101 0 _arus
102 _aRU
105 _ab z |||||
200 1 _aСток рек и временных водотоков на территории лесостепной и степной зоны Европейской части СССР
_fПод ред. проф. д-ра техн. наук Д.Л. Соколовского
210 _aЛенинград
_cГидрометеоиздат
_d1951
215 _a1146 с., 10 л. граф., карт.
_cграф., карт.
_d26
225 1 _aГлавное управление гидрометеорологической службы при Совете министров СССР. Труды Государственного ордена Трудового красного знамени гидрологического института
_vВып. 29 (83)
300 _aПеред загл. авт.: К.П. Воскресенский, канд. геогр. наук
300 _aНа переплете только загл. серии
320 _aБиблиогр.: с. 276-278 (64 назв.)
606 _aВодные ресурсы
_yЛесостепная и степная зона Европейской части СССР
_2psbo
606 _aРечной сток
_yЛесостепная и степная зона Европейской части СССР
_2psbo
700 1 _aВоскресенский
_bК.П.
_gКонстантин Петрович
702 1 _4340
_7ca
_8rus
_aСоколовский
_bД. Л.
_f1896-1986
_gДаниил Львович
_9268826
_3RU\NLR\AUTH\770268882
801 0 _aRU
_bNLR
_gpsbo
801 1 _aRU
_bELAR
_2rusmarc
852 _aNLR
_jП10/609
942 _cBOOK
980 _aNB